Pokémon Used By First Gym Leaders - Statistics

General Stats
  • This quiz has been taken 321 times
    108 since last reset
  • The average score is 44 of 71
Answer Stats
Leader Game Pokémon % Correct
Roxanne E Onix
99%
Brock RB Geodude
97%
Roxanne RS Geodude
97%
Roark DP Geodude
97%
Brock RB Onix
96%
Roark DP Onix
96%
Brock HGSS Golem
84%
Roxanne E Golem
84%
Roark P Golem
84%
Roxanne RS Nosepass
82%
Roxanne E Steelix
82%
Falkner HGSS Pidgeot
81%
Brock GSC Graveler
79%
Falkner GSC Pidgeotto
79%
Falkner GSC Pidgey
79%
Cilan BW Pansage
76%
Chili BW Pansear
76%
Cilan BW2 Simisage
76%
Cress BW Panpour
75%
Cress BW2 Simipour
75%
Roark DP Cranidos
74%
Chili BW2 Simisear
74%
Brock LGPE Aerodactyl
72%
Roxanne E Aerodactyl
72%
Roark P Aerodactyl
72%
Roxanne E Kabuto
72%
Brock GSC Kabutops
72%
Roxanne E Kabutops
72%
Brock HGSS Rampardos
72%
Roark P Rampardos
72%
Brock GSC Omastar
69%
Roxanne E Omastar
69%
Cilan BW Lillipup
68%
Chili BW Lillipup
68%
Cress BW Lillipup
68%
Cheren BW2 Lillipup
68%
Cheren BW2 Stoutland
68%
Viola XY Vivillon
68%
Milo SwSh Eldegoss
65%
Cheren BW2 Patrat
65%
Falkner HGSS Noctowl
63%
Roxanne E Omanyte
63%
Cheren BW2 Watchog
63%
Roark P Probopass
62%
Viola XY Surskit
62%
Katy SV Teddiursa
62%
Katy SV Nymble
60%
Katy SV Lokix
57%
Katy SV Spidops
57%
Katy SV Tarountula
56%
Milo SwSh Gossifleur
54%
Brock GSC Rhyhorn
54%
Katy SV Ursaring
54%
Falkner HGSS Swellow
49%
Viola XY Masquerain
43%
Cheren BW2 Pidove
43%
Falkner HGSS Staraptor
41%
Roark P Tyranitar
40%
Cress BW2 Basculin
37%
Chili BW2 Darmanitan
35%
Chili BW2 Heatmor
35%
Cilan BW2 Ferrothorn
34%
Falkner HGSS Honchkrow
34%
Falkner HGSS Pelipper
32%
Brock HGSS Relicanth
31%
Cilan BW2 Maractus
29%
Cheren BW2 Cinccino
24%
Cress BW2 Slowking
19%
Katy SV Heracross
18%
Katy SV Araquanid
15%
Katy SV Forretress
7%
No matching quizzes found
Score Distribution
Percent of People with Each Score
Percentile by Number Answered
Your Score History
You have not taken this quiz since the last reset